<?xml version="1.0" encoding="UTF-8"?>
<record
    xmlns:xsi="http://www.w3.org/2001/XMLSchema-instance"
    xsi:schemaLocation="http://www.loc.gov/MARC21/slim http://www.loc.gov/standards/marcxml/schema/MARC21slim.xsd"
    xmlns="http://www.loc.gov/MARC21/slim">

  <leader>00583nam  22001813  4500</leader>
  <controlfield tag="001">202029</controlfield>
  <datafield tag="090" ind1=" " ind2=" ">
    <subfield code="a">202029</subfield>
  </datafield>
  <datafield tag="100" ind1=" " ind2=" ">
    <subfield code="a">20260505d        u||y0pory50      ba</subfield>
  </datafield>
  <datafield tag="200" ind1=" " ind2=" ">
    <subfield code="a">Europ&#xE1;lia 91 </subfield>
    <subfield code="e">Portugal</subfield>
  </datafield>
  <datafield tag="210" ind1=" " ind2=" ">
    <subfield code="a">[Bruxelas] </subfield>
    <subfield code="c">Europ&#xE1;lia</subfield>
    <subfield code="d">1991</subfield>
  </datafield>
  <datafield tag="215" ind1=" " ind2=" ">
    <subfield code="a">31 p.</subfield>
    <subfield code="c">il. ; brochado</subfield>
    <subfield code="d">30 cm</subfield>
  </datafield>
  <datafield tag="300" ind1=" " ind2=" ">
    <subfield code="a">Programme: Xle iennale des arts et de la culture 
Belgique 19 septembre-29 d&#xE9;cembre</subfield>
  </datafield>
  <datafield tag="305" ind1=" " ind2=" ">
    <subfield code="a">Edi&#xE7;&#xE3;o em L&#xED;ngua Francesa</subfield>
  </datafield>
  <datafield tag="606" ind1=" " ind2=" ">
    <subfield code="9">8900</subfield>
    <subfield code="a">Exposi&#xE7;&#xF5;es tempor&#xE1;rias</subfield>
  </datafield>
  <datafield tag="675" ind1=" " ind2=" ">
    <subfield code="a">061.4(469)(493)</subfield>
    <subfield code="v">PT</subfield>
    <subfield code="z">por</subfield>
  </datafield>
  <datafield tag="801" ind1=" " ind2=" ">
    <subfield code="a">PT</subfield>
    <subfield code="b">BMMN</subfield>
    <subfield code="g">RPC</subfield>
  </datafield>
  <datafield tag="830" ind1=" " ind2=" ">
    <subfield code="c">Ana Falardo</subfield>
    <subfield code="f">Ana Falardo</subfield>
  </datafield>
  <datafield tag="990" ind1=" " ind2=" ">
    <subfield code="c">LIVROS</subfield>
  </datafield>
  <datafield tag="995" ind1=" " ind2=" ">
    <subfield code="0">0</subfield>
    <subfield code="2">0</subfield>
    <subfield code="5">2026-05-05</subfield>
    <subfield code="9">31733</subfield>
    <subfield code="b">BMMN</subfield>
    <subfield code="f">31454</subfield>
    <subfield code="k">061.4 EUR|SAF</subfield>
    <subfield code="o">0</subfield>
    <subfield code="r">LIVROS</subfield>
    <subfield code="u">Acesso Condicionado</subfield>
    <subfield code="s">Oferta</subfield>
  </datafield>
</record>
